| 000 | 00656nam a2200193 i 4500 | ||
|---|---|---|---|
| 001 | 87952 | ||
| 003 | ES-MaACL | ||
| 005 | 20230906175755.0 | ||
| 007 | t| | ||
| 008 | 041229s1907 fr ||||1| fre d | ||
| 100 | 1 |
_aRavaisson, Félix. _995571 |
|
| 245 | 1 | 3 |
_aLa philosophie en France au XIX siècle _b: 1867 : suivie du rapport aur le Prix Victor Cousin : (le scepticisme dans l'Antiquite) : 1884 / _cpar Felix Ravaisson [seud.]. |
| 250 | _a5ème. ed. | ||
| 260 |
_aParis : _bHachette, _c1904 ( _fLahure) |
||
| 300 |
_a330 p. ; _c25 cm. |
||
| 600 | 0 | 4 |
_aCousin, Victor. _941306 |
| 740 | 3 | _aLe scepticisme dans l'Antiquite. | |
| 852 |
_aES-MaACL _jF-9911 |
||
| 999 |
_c87952 _d87952 |
||